ARRUPE JESUIT UNIVERSITY

CORONAVIRUS -STOP THE SPREAD - CLEAN,DISINFECT,COVER

Rise up and walk : (Record no. 125285)

MARC details
000 -LEADER
fixed length control field 01366cam a2200397 i 4500
001 - CONTROL NUMBER
control field 27805
003 - CONTROL NUMBER IDENTIFIER
control field ARRUPE
005 - DATE AND TIME OF LATEST TRANSACTION
control field 20160920113915.0
008 - FIXED-LENGTH DATA ELEMENTS--GENERAL INFORMATION
fixed length control field 800731s1978 enkabcf 001 0aeng
010 ## - LIBRARY OF CONGRESS CONTROL NUMBER
LC control number 80461143
015 ## - NATIONAL BIBLIOGRAPHY NUMBER
National bibliography number GB78-38131
020 ## - INTERNATIONAL STANDARD BOOK NUMBER
International Standard Book Number 0237503670 :
Terms of availability £6.95
035 ## - SYSTEM CONTROL NUMBER
System control number (OCoLC)4740527
035 ## - SYSTEM CONTROL NUMBER
System control number (OCoLC)ocm04740527
035 ## - SYSTEM CONTROL NUMBER
System control number (CStRLIN)NYCG17440505-B
035 ## - SYSTEM CONTROL NUMBER
System control number (NNC)27805
040 ## - CATALOGING SOURCE
Modifying agency NNC
-- CStRLIN
-- NNC
Transcribing agency Arrupe
043 ## - GEOGRAPHIC AREA CODE
Geographic area code f-rh---
050 0# - LIBRARY OF CONGRESS CALL NUMBER
Classification number DT962.76.M88
Item number A37 1978b
082 ## - DEWEY DECIMAL CLASSIFICATION NUMBER
Classification number 968.9/1/040924
-- B
090 ## - LOCALLY ASSIGNED LC-TYPE CALL NUMBER (OCLC); LOCAL CALL NUMBER (OCLC)
Classification number (OCLC) (R) ; Classification number, CALL (RLIN) (NR) DT962.76.M88
Local cutter number (OCLC) ; Book number/undivided call number, CALL (RLIN) A37 1978b
300 ## - PHYSICAL DESCRIPTION
Other physical details ill., map, ports. ;
Dimensions 23 cm.
100 1# - MAIN ENTRY--PERSONAL NAME
Personal name Muzorewa, Abel Tendekayi,
Dates associated with a name 1925-2010.
9 (RLIN) 25959
245 10 - TITLE STATEMENT
Title Rise up and walk :
Remainder of title an autobiography /
Statement of responsibility, etc [by] Bishop Abel Tendekai Muzorewa ; edited by Norman E. Thomas.
260 ## - PUBLICATION, DISTRIBUTION, ETC. (IMPRINT)
Place of publication, distribution, etc London :
Name of publisher, distributor, etc Evans Books,
Date of publication, distribution, etc 1978.
300 ## - PHYSICAL DESCRIPTION
Extent [1], xii, 289 p., [16] p. of plates :
500 ## - GENERAL NOTE
General note Includes index.
600 10 - SUBJECT ADDED ENTRY--PERSONAL NAME
Personal name Muzorewa, Abel Tendekayi,
Dates associated with a name 1925-2010.
9 (RLIN) 25959
650 20 - SUBJECT ADDED ENTRY--TOPICAL TERM
Topical term or geographic name as entry element Methodist Church
General subdivision Bishops
Form subdivision Biography.
9 (RLIN) 25960
650 #0 - SUBJECT ADDED ENTRY--TOPICAL TERM
Topical term or geographic name as entry element Statesmen
Geographic subdivision Zimbabwe
Form subdivision Biography.
9 (RLIN) 25961
650 #0 - SUBJECT ADDED ENTRY--TOPICAL TERM
Topical term or geographic name as entry element Bishops
Geographic subdivision Zimbabwe
Form subdivision Biography.
9 (RLIN) 25962
651 #0 - SUBJECT ADDED ENTRY--GEOGRAPHIC NAME
Geographic name Zimbabwe
General subdivision Politics and government
Chronological subdivision 1965-1979.
9 (RLIN) 25963
651 #0 - SUBJECT ADDED ENTRY--GEOGRAPHIC NAME
Geographic name Zimbabwe
General subdivision Church history.
9 (RLIN) 25670
700 1# - ADDED ENTRY--PERSONAL NAME
Personal name Thomas, Norman E.
9 (RLIN) 25964
942 ## - ADDED ENTRY ELEMENTS (KOHA)
Source of classification or shelving scheme Library of Congress Classification
Koha item type Monograph ( Printed materials)
Holdings
Withdrawn status Lost status Source of classification or shelving scheme Damaged status Not for loan Collection code Home library Current library Shelving location Date acquired Total Checkouts Full call number Barcode Date last seen Price effective from Koha item type
    Library of Congress Classification     Main Collection ARRUPE LIBRARY ARRUPE LIBRARY Main Collection 20/09/2016   DT962.76.M88 A37 1978b 46500010088 07/12/2017 20/09/2016 Monograph ( Printed materials)

 

Arrupe Library. PO Box MP320 Mt Pleasant, Harare, Zimbabwe
263 242 745411|librarian@aju.ac.zw